书目信息 |
| 题名: |
心理学
|
|
| 作者: | 陈美荣 主编 | |
| 分册: | ||
| 出版信息: | 广州 中山大学出版社 2008.08 |
|
| 页数: | 254页 | |
| 开本: | 25cm | |
| 丛书名: | ||
| 单 册: | ||
| 中图分类: | B84 | |
| 科图分类: | ||
| 主题词: | 心理学--xin li xue | |
| 电子资源: | ||
| ISBN: | 978-7-306-03140-2 | |
| 000 | 00853nam0 2200241 450 | |
| 001 | 012009448578 | |
| 005 | 20090918090128.92 | |
| 010 | @a978-7-306-03140-2@dCNY28.00 | |
| 100 | @a20090918d2008 em y0chiy0120 ea | |
| 101 | 0 | @achi |
| 102 | @aCN@b440000 | |
| 105 | @aa a 000yy | |
| 106 | @ar | |
| 200 | 1 | @a心理学@Axin li xue@f陈美荣主编@Fchen mei rong zhu bian |
| 210 | @a广州@c中山大学出版社@d2008.08 | |
| 215 | @a254页@c图@d25cm | |
| 320 | @a有书目 (第252-253页) | |
| 330 | @a全书共十一章:揭开心理学的神秘面纱;心理的实质与脑潜能的开发;认知过程与教育;情绪、情感与教育;意志与教育;个性心理与教育;学习心理与教育;品德心理与教育;心理健康教育;人际沟通与人际关系;教师心理。 | |
| 606 | 0 | @a心理学@Axin li xue |
| 690 | @aB84@v4 | |
| 701 | 0 | @a陈美荣@Achen mei rong@4主编 |
| 801 | 0 | @aCN@bQSSK@c20090918 |
| 905 | @b755097-99@dB84@eC515@f3 | |
| 心理学/陈美荣主编.-广州:中山大学出版社,2008.08 |
| 254页:图;25cm |
| ISBN 978-7-306-03140-2:CNY28.00 |
| 全书共十一章:揭开心理学的神秘面纱;心理的实质与脑潜能的开发;认知过程与教育;情绪、情感与教育;意志与教育;个性心理与教育;学习心理与教育;品德心理与教育;心理健康教育;人际沟通与人际关系;教师心理。 |
| ● |
| 相关链接 |
|
|
|
正题名:心理学
索取号:B84/C515
 
预约/预借
| 序号 | 登录号 | 条形码 | 馆藏地/架位号 | 状态 | 备注 |
| 1 | 755097 | 207550979 | 社科库509/509社科库 34排1列3层/ [索取号:B84/C515] | 在馆 | |
| 2 | 755098 | 207550988 | 社科库509/509社科库 34排1列3层/ [索取号:B84/C515] | 在馆 | |
| 3 | 755099 | 207550997 | 社科库509/509社科库 34排1列3层/ [索取号:B84/C515] | 在馆 |